<?xml version="1.0" encoding="UTF-8"?>
<marc:record xmlns:marc="http://www.loc.gov/MARC21/slim">
   <marc:leader>00000nam a2200000 a 4500</marc:leader>
   <marc:datafield ind1="1" ind2=" " tag="100">
      <marc:subfield code="a">Hoefnagel, Marian</marc:subfield>
      <marc:subfield code="4">aut</marc:subfield>
      <marc:subfield code="e">Verfasser/-in</marc:subfield>
   </marc:datafield>
   <marc:datafield ind1=" " ind2=" " tag="653">
      <marc:subfield code="a">Kinderbuch</marc:subfield>
   </marc:datafield>
   <marc:datafield ind1=" " ind2=" " tag="653">
      <marc:subfield code="a">Romanhafte Biographien</marc:subfield>
   </marc:datafield>
   <marc:datafield ind1="0" ind2="0" tag="245">
      <marc:subfield code="a">Anne Frank, ihr Leben</marc:subfield>
   </marc:datafield>
   <marc:datafield ind1="0" ind2="0" tag="245">
      <marc:subfield code="c">Hoefnagel, Marian</marc:subfield>
   </marc:datafield>
   <marc:datafield ind1=" " ind2="1" tag="264">
      <marc:subfield code="a">Münster</marc:subfield>
      <marc:subfield code="b">Spaß am Lesen Verlag</marc:subfield>
      <marc:subfield code="c">2010</marc:subfield>
   </marc:datafield>
   <marc:datafield ind1="1" ind2=" " tag="490">
      <marc:subfield code="a">Lesen für alle</marc:subfield>
   </marc:datafield>
   <marc:datafield ind1="1" ind2=" " tag="520">
      <marc:subfield code="a">Anne Frank (1929-1945) ist das vielleicht berühmteste Mädchen der Niederlande. Sie wurde bekannt durch ihr Tagebuch. Anne Frank ist Jüdin. Sie wohne in Amsterdam, als 1940 der Zweite Weltkrieg ausbricht. Sie muss mit ihren Eltern und ihrer Schwester untertauchen. Über zwei Jahre verstecken sie sich im Betrieb von Annes Vater, im Hinterhaus.&#xD;
&#xD;
Anne hat Angst, dass sie entdeckt werden. Sie hat Angst, dass sie erschossen werden. Auch nachts hat Anne Angst. Am liebsten kriecht sie dann zu ihrem Vater ins Bett. "Das scheint kindisch," schreibt sie in ihr Tagebuch, "aber du solltest das mal erleben. Du kannst oft dein eigenes Wort nicht verstehen."&#xD;
&#xD;
In Anne Frank, ihr Leben lesen Sie über Anne Frank. Über ihr Leben vor dem Untertauchen und über ihre Zeit im Hinterhaus. Über ihre erste Liebe und ihre Angst, entdeckt zu werden. Sie lesen auch, was passiert, nachdem die Familie festgenommen wird. Anne stirbt in einem Konzentrationslager, da ist sie 15 Jahre alt. Sie ist eines der sechs Millionen jüdischer Opfer des Zweiten Weltkriegs.</marc:subfield>
   </marc:datafield>
   <marc:datafield ind1=" " ind2=" " tag="020">
      <marc:subfield code="a">9783981327021</marc:subfield>
      <marc:subfield code="9">9783981327021</marc:subfield>
   </marc:datafield>
   <marc:datafield ind1=" " ind2=" " tag="041">
      <marc:subfield code="a">ger</marc:subfield>
   </marc:datafield>
   <marc:datafield ind1=" " ind2=" " tag="300">
      <marc:subfield code="b">Ill.</marc:subfield>
   </marc:datafield>
   <marc:datafield ind1="1" ind2=" " tag="521">
      <marc:subfield code="a">Kind</marc:subfield>
   </marc:datafield>
   <marc:datafield ind1=" " ind2=" " tag="338">
      <marc:subfield code="a">Band</marc:subfield>
   </marc:datafield>
   <marc:datafield ind1=" " ind2=" " tag="300">
      <marc:subfield code="a">119 S.</marc:subfield>
   </marc:datafield>
</marc:record>
